=LDR 00000nam 2200000 4500 =001 INLIS000000000006588 =005 20251111012057 =035 ##$$a 0010-1125000462 =007 ta =008 251111###########################0#eng## =082 ##$$a 618.24 =084 ##$$a 618.24 THE =245 ##$$a The Effect Of Material Age, Parity, and Prenatal Care On Perinatal Outcome In Adolescent Mother /$c Badan Koordinasi Keluarga Berencana Nasional =260 ##$:$b Badan Koordinasi Keluarga Berencana Nasional =300 ##$$a 3 Hal : $b Ilus ; $c 21 =650 #4$$a Keluarga Berencana =856 ##$$a Perpustakaan Kemendukbangga